Essentials of physical chemistry/ (Record no. 12275)
[ view plain ]
| 000 -LEADER | |
|---|---|
| fixed length control field | 00458nam a22001577a 4500 |
| 008 - FIXED-LENGTH DATA ELEMENTS--GENERAL INFORMATION | |
| fixed length control field | 160720b xxu||||| |||| 00| 0 eng d |
| 020 ## - INTERNATIONAL STANDARD BOOK NUMBER | |
| International Standard Book Number | 8121929784 |
| 050 ## - LIBRARY OF CONGRESS CALL NUMBER | |
| Classification number | QD 453 .B86 2012 |
| 100 ## - MAIN ENTRY--PERSONAL NAME | |
| Personal name | Bahl Arun |
| Dates associated with a name | 2012 |
| 245 ## - TITLE STATEMENT | |
| Title | Essentials of physical chemistry/ |
| Statement of responsibility, etc. | Arun Bahl. |
| 260 ## - PUBLICATION, DISTRIBUTION, ETC. (IMPRINT) | |
| Place of publication, distribution, etc. | U.S.A; |
| Name of publisher, distributor, etc. | S.Chand and company l.t.d, |
| Date of publication, distribution, etc. | 2012. |
| 300 ## - PHYSICAL DESCRIPTION | |
| Extent | xviii,1261p.:ill. |
| Other physical details | includes index. |
| 700 ## - ADDED ENTRY--PERSONAL NAME | |
| Personal name | Bahl B.S. |
| 700 ## - ADDED ENTRY--PERSONAL NAME | |
| Personal name | Tuli G.D. |
| 942 ## - ADDED ENTRY ELEMENTS (KOHA) | |
| Source of classification or shelving scheme | |
| Koha item type | Short Loan Books |
| Koha issues (borrowed), all copies | 170 |
| Withdrawn status | Lost status | Source of classification or shelving scheme | Damaged status | Not for loan | Home library | Current library | Shelving location | Date acquired | Source of acquisition | Total Checkouts | Full call number | Barcode | Date last seen | Date last checked out | Price effective from | Koha item type |
|---|---|---|---|---|---|---|---|---|---|---|---|---|---|---|---|---|
| MACHAKOS UNIVERSITY LIBRARY | MACHAKOS UNIVERSITY LIBRARY | Short Loan | 20/07/2016 | DONATION | 209 | QD 453 .B86 2012 | 570 | 02/12/2025 | 02/12/2025 | 20/07/2016 | Short Loan Books |